000 00898nam a22003017a 4500
003 CHAP
005 20221025143924.0
008 971013s r 00010 d
010 _a71299
011 _a72271
035 _a81825
040 _cCHAP
090 _aFolleto 7503
100 0 0 _aGalván Castillo, Natividad.
_944509
245 _aRye grass forraje verde para invierno /
_cpor Natividad Galván Castillo
260 _aCd. Anáhuac, N.L. :
_bINIA. Campo Agrícola Experimental Anáhuac,
_c(19-?)
300 _as.p.
590 _aBATCH-UPD
_b10
_c20130110
590 _aBATCH-UPD
_b10
_c20130110
590 _aBATCH-UPD
_b10
_c20130410
590 _aBATCH-UPD
_b10
_c20130914
590 _aCONVERSION
_b10
_c20130109
650 1 4 _aLolium perenne.
_967505
650 1 4 _aPastos forrajeros.
_986094
901 _aBK
942 _cTESIS
_2ddc
949 _bBC
_cTES
_d-35467
_eTS1
_i81825
_si
999 _c71299
_d71299